Países por sus Vecinos - Estadísticas

Estadísticas generales
  • Esta prueba ha sido intentada 55 veces
  • La puntuación promedio es 27 de 28
Estadísticas de respuestas
Letra Vecino País % Correcto
C Estados Unidos Canadá
100%
E Perú Ecuador
100%
I Reino Unido Irlanda
100%
M China Mongolia
100%
U Afganistán Uzbekistán
100%
Y Omán Yemen
100%
B Letonia Bielorrusia
98%
B Brasil Bolivia
98%
C Panamá Costa Rica
98%
H Guatemala Honduras
98%
N Camerún Nigeria
98%
T Bulgaria Turquía
98%
U Ruanda Uganda
98%
A Paraguay Argentina
96%
F Rusia Finlandia
96%
G El Salvador Guatemala
96%
L Camboya Laos
96%
L Francia Luxemburgo
96%
N India Nepal
96%
R Haití Republica Dominicana
96%
S Montenegro Serbia
96%
S Guyana Surinam
94%
E Sudán del Sur Etiopía
92%
U Eslovaquia Ucrania
92%
L Sudáfrica Lesoto
90%
P Indonesia Papúa Nueva Guinea
90%
K Kazajistán Kirguistán
83%
R Chad Republica Centroafricana
83%
No se encontraron pruebas coincidentes
Distribución de puntuación
Porcentaje de gente con cada puntuación
Porcentaje por número respondido
Historial de tus puntuaciones
No has intentado esta prueba.